000 01060pam a2200301 a 4500
005 20260322212053.0
008 data
010 _a 96033136
020 _a0679602550 (alk. paper)
020 _a9780679602552 (alk. paper)
040 _aDLC
_cDLC
_dDLC
041 1 _aeng
_hfre
043 _ae-fr---
050 0 0 _aPQ2288
_b.A31 1996b
082 0 0 _a843/.7
_220
099 _a841.78 A31 1996
100 1 _aHugo, Victor,
_d1802-1885.
240 1 0 _aNotre-Dame de Paris.
_lEnglish
245 1 4 _aThe hunchback of Notre-Dame /
_cVictor Hugo.
260 _aNew York :
_bModern Library,
_c1996.
300 _avi, 416 p. ;
_c22 cm.
651 0 _aFrance
_xFiction.
_yLouis XI, 1461-1483
_xFiction.
651 0 _aParis (France)
_xFiction.
_yTo 1515
_xFiction.
856 4 2 _3Contributor biographical information
_uhttp://www.loc.gov/catdir/bios/random057/96033136.html
856 4 1 _3Sample text
_uhttp://www.loc.gov/catdir/samples/random044/96033136.html
856 4 2 _3Publisher description
_uhttp://www.loc.gov/catdir/description/random0412/96033136.html
001 data
999 _c1272
_d1272